000 00421 a2200157 4500
005 20250627171238.0
020 _a0-07-0667675
082 _a332 KAP
100 _aKAPOOR, J. R.
245 _aPersonal Finance
250 _a6th Ed.
260 _aNew York,
_bMcGraw Hill,
_c2007.
300 _axxx, 663p.; ill.; figure, table, picture
_bAppendix, index
_c24cm.
700 _aDLABAY, L. R. & HUGHES, R. J.
942 _2ddc
_cBKS
999 _c5403
_d5403